Ma vie et mes amours / (Record no. 78049)

MARC details
000 -LEADER
campo de control de longitud fija 00590nam a2200181 i 4500
001 - NÚMERO DE CONTROL
campo de control 78049
003 - IDENTIFICADOR DE NÚMERO DE CONTROL
campo de control ES-MaACL
007 - CAMPO FIJO DE DESCRIPCIÓN FÍSICA--INFORMACIÓN GENERAL
campo de control de longitud fija t|
008 - DATOS DE LONGITUD FIJA--INFORMACIÓN GENERAL
campo de control de longitud fija 041011s1933 fr ||||1| fre d
100 0# - ENTRADA PRINCIPAL--NOMBRE DE PERSONA
Nombre de persona Harris, Frank,
Fechas asociadas al nombre 1855-1931
9 (RLIN) 61912
245 10 - MENCIÓN DEL TÍTULO
Título Ma vie et mes amours /
Mención de responsabilidad, etc. par Frank Harris ; traduit de l'anglais par Madeleine Vernon et Henry D. Davray.
260 ## - PUBLICACIÓN, DISTRIBUCIÓN, ETC.
Lugar de publicación, distribución, etc. Paris :
Nombre del editor, distribuidor, etc. [s.n.,
Fecha de publicación, distribución, etc. 1933] (
Lugar de fabricación/manufactura Lagny :
Fabricante E. Grevin)
300 ## - DESCRIPCIÓN FÍSICA
Extensión 3 v. ;
Dimensiones 19 cm.
700 1# - ENTRADA AGREGADA--NOMBRE PERSONAL
Nombre de persona Vernon, Madeleine.
9 (RLIN) 114185
700 1# - ENTRADA AGREGADA--NOMBRE PERSONAL
Nombre de persona Davray, Henry D.
9 (RLIN) 42995
852 ## - LOCALIZACIÓN
Ubicación ES-MaACL
Número de control de estantería B-8699-701
Holdings
Estatus retirado Estado de pérdida Estado de daño No para préstamo Biblioteca de origen Biblioteca actual Ubicación en estantería Fecha de adquisición Fuente de adquisición Total de préstamos Signatura topográfica completa Código de barras Visto por última vez Precio de reemplazo Tipo de ítem Koha
        Biblioteca del Ateneo de Madrid Biblioteca del Ateneo de Madrid Sala Pardo Bazán 17/01/2008     B-8699-701 1081649 23/02/2023 23/02/2023 Libro impreso